000 00811nam a2200217Ii 4500
003 JO-AjNU
008 230605s9999||||xx |||||||||||||| ||und||
017 _a1435/8184
020 _a978-603-01-6109-6
040 _aJO-AjNU
_bara
_erda
_cJO-AjNU
041 _aara
050 1 4 _aBP184.72.A3.N3832 2015
100 3 _aالبدر، عبد المحسن بن حمد العباد,
_eauthor
_956855
245 0 0 _aتبصير الناسك بأحكام المناسك على ضوء الكتاب والسنة والمأثور عن الصحابة
264 3 1 _aالرياض: مكتبة الملك فهد الوطنية، 2015
300 _a176ص
336 _atext
_btxt
_2rdacontent
337 _aunmediated
_bn
_2rdamedia
338 _avolume
_bnc
_2rdacarrier
650 4 _aالحج- العمرة- مناسك
_956856
999 _aA25444
_c29012
_d29012